000 00332nam a22001217a 4500
082 _a388.1
_bUNI
245 _aHighway Planning Technical Report
260 _aWashtintong DC
_bUS Department of Transportation
300 _a31 p.:
_bill
_c30 cm.
526 _a0
_b0
_c0
_d388_100000000000000_UNI
650 _aMCE
_9379
942 _2ddc
_cBK
999 _c543177
_d543177